000 01070nam a22003257a 4500
003 CHAP
005 20220329140235.0
008 971013s1973 r 00010 d
010 _a49106
011 _a50078
035 _a54228
040 _cCHAP
082 _a621.3815
_bP4Y
100 0 0 _aPettit, Joseph M.
_987698
245 _aCircuitos de conmutación y de tiempo
260 _aBuenos Aires :
_bHispano Americana,
_c1973
300 _a297 p.
_b: gráfs.
590 _aBATCH-UPD
_b10
_c20130110
_lUCH01
_h0743
590 _aBATCH-UPD
_b10
_c20130110
_lUCH01
_h2350
590 _aBATCH-UPD
_b10
_c20130410
_lUCH01
_h0424
590 _aBATCH-UPD
_b10
_c20130914
_lUCH01
_h0940
590 _aCONVERSION
_b10
_c20130109
_lUCH01
_h1327
650 1 4 _aCircuitos electrónicos.
_923357
650 1 4 _aConmutador.
_927194
700 0 _aMcWorter, Malcolm M.
_973771
901 _aBK
942 _cLIBRO
949 _a621.3815 P4Y
_bBC
_cLIBRO
_d33724000016150
_eLIBRO
_h35362
_i54228
_mD AID
_si
949 _a621.3815 P4Y
_bBC
_cLIBRO
_d33724000016168
_eLIBRO
_fc.2
_h35263
_i54228
_mD AID
_si
999 _c49106
_d49106